000 00353nam a2200145 i 4500
001 bg
100 1 _aPOTAPOV, L.P.
245 0 _aAvtoionna mikroskopija splavov /
_cL.P. Potapov, O.A. Potapova.
260 _aMoskva,
_c1987.
700 1 _aPOTAPOVA, O.A.
040 _cBPK
041 _apol
942 _cKS
008 s pl f |000 0 pol
999 _c23532
_d23532
856 _uhttp://koha.tu.koszalin.pl/cgi-bin/koha/opac-detail.pl?biblionumber=23532
_yKatalog online BPK